000 00939nam a2200229 a 4500
999 _c6162
_d6162
001 6161
003 BD-JhCC
005 20180115191304.0
008 180115s1999 bg |||| ||a| 000 0 mul d
020 _a9840605321
035 _a(BD-JhCC)6162
040 _aBD-JhCC
_dBD-JhCC
041 _amul
082 _a340.59
_bFAT 1999
245 _aফাতাওয়ায়ে আলমগীরী /
_bবাদশা আবুল মুজাফ্ফর মুহাম্মদ মুহীউদ্দীন আওরংগযেব আলমগীর (র) (সম্পা.)
260 _aঢাকা :
_bইসলামিক ফাউন্ডেশন;
_c1999.
300 _a638 p. :
_c24 cm.
650 _aIslamic Law
700 _aআলমগীর, বাদশা আবুল মুজাফ্ফর মুহাম্মদ মুহীউদ্দীন আওরংগযেব
942 _2ddc
_cBK